| 000 | 00502nam a2200193Ia 4500 | ||
|---|---|---|---|
| 005 | 20250326144509.0 | ||
| 008 | 250326s9999 xx 000 0 und d | ||
| 037 | _aTextbook | ||
| 040 |
_aFMSL _beng _cFMSL |
||
| 041 |
_aeng _2eng |
||
| 084 |
_aX:8 P7 _qFMSL |
||
| 100 |
_aHayes J _9741407 |
||
| 245 | 0 |
_aTheory and practice of change management _cHayes J |
|
| 250 | _a2 | ||
| 260 |
_aNY _bNY, Plagrave _c2007 |
||
| 365 | _b2966.598 | ||
| 942 |
_cTB _hX:8 P7 |
||
| 999 |
_c1303931 _d1303931 |
||